[Event "World Chess Olympiad 2018"]
[Site "Batumi"]
[Date "2018.10.01"]
[Round "7"]
[Board "3"]
[WhiteFideId "22000062"]
[White "Salim Issa Ali Shamas"]
[BlackFideId "10001034"]
[Black "Lwebuga Ronald"]
[Result "0-1"]
[LiveChessVersion "1.4.8"]
[BlackElo "1819"]
[WhiteElo "1885"]

1. d4 {[%clk 1:30:54]} g6 {[%clk 1:30:55]} 2. c4 {[%clk 1:30:59]} Bg7
{[%clk 1:31:20]} 3. Nc3 {[%clk 1:31:17]} f5 {[%clk 1:31:22]} 4. g3
{[%clk 1:31:13]} Nf6 {[%clk 1:30:59]} 5. Bg2 {[%clk 1:31:24]} d6 {[%clk 1:30:12]}
6. Qb3 {[%clk 1:31:32]} c6 {[%clk 1:30:22]} 7. Nh3 {[%clk 1:31:46]} e5
{[%clk 1:29:01]} 8. dxe5 {[%clk 1:30:38]} dxe5 {[%clk 1:29:29]} 9. Bg5
{[%clk 1:30:44]} Nbd7 {[%clk 1:27:30]} 10. Rd1 {[%clk 1:29:58]} Qe7
{[%clk 1:26:40]} 11. O-O {[%clk 1:29:56]} O-O {[%clk 1:26:34]} 12. a3
{[%clk 1:29:35]} h6 {[%clk 1:26:28]} 13. Bxf6 {[%clk 1:29:45]} Nxf6
{[%clk 1:25:55]} 14. Qc2 {[%clk 1:28:46]} Be6 {[%clk 1:22:59]} 15. Nb1
{[%clk 1:29:01]} Rad8 {[%clk 1:20:21]} 16. b4 {[%clk 1:28:40]} Rxd1
{[%clk 1:19:32]} 17. Rxd1 {[%clk 1:28:54]} Rd8 {[%clk 1:20:00]} 18. Rxd8+
{[%clk 1:29:04]} Qxd8 {[%clk 1:20:28]} 19. e3 {[%clk 1:29:00]} Qd7
{[%clk 1:19:48]} 20. Kh1 {[%clk 1:28:43]} f4 {[%clk 1:18:08]} 21. Ng1
{[%clk 1:28:58]} fxe3 {[%clk 1:17:32]} 22. fxe3 {[%clk 1:29:15]} Bf5
{[%clk 1:17:36]} 23. e4 {[%clk 1:29:19]} Be6 {[%clk 1:16:41]} 24. h3
{[%clk 1:28:39]} Qd4 {[%clk 1:15:57]} 25. c5 {[%clk 1:27:27]} Nh5
{[%clk 1:13:16]} 26. Kh2 {[%clk 1:27:46]} Qe3 {[%clk 1:12:14]} 27. Qc3
{[%clk 1:27:29]} Qf2 {[%clk 0:59:19]} 28. Qf3 {[%clk 1:16:30]} Qb2
{[%clk 0:58:03]} 29. Qd3 {[%clk 1:16:20]} Qf2 {[%clk 0:52:17]} 30. Ne2
{[%clk 1:15:25]} Bf8 {[%clk 0:39:50]} 31. Nbc3 {[%clk 1:14:53]} Be7
{[%clk 0:39:31]} 32. Nd1 {[%clk 1:13:52]} Qf7 {[%clk 0:37:58]} 33. Ne3
{[%clk 1:13:11]} Nf6 {[%clk 0:28:38]} 34. Ng1 {[%clk 0:59:44]} h5
{[%clk 0:26:20]} 35. Nf3 {[%clk 0:59:39]} Nd7 {[%clk 0:26:41]} 36. Qc3
{[%clk 0:58:51]} Bf6 {[%clk 0:25:23]} 37. Qd3 {[%clk 0:59:11]} Be7
{[%clk 0:25:33]} 38. Qd2 {[%clk 0:59:09]} Kg7 {[%clk 0:22:16]} 39. Nd1
{[%clk 0:58:42]} Bf6 {[%clk 0:21:08]} 40. Nf2 {[%clk 1:28:28]} Qe7
{[%clk 0:50:46]} 41. Nd3 {[%clk 1:28:31]} g5 {[%clk 0:49:24]} 42. Qc3
{[%clk 1:28:46]} g4 {[%clk 0:48:55]} 43. Ng1 {[%clk 1:28:46]} h4 {[%clk 0:48:36]}
44. gxh4 {[%clk 1:27:07]} Bxh4 {[%clk 0:48:25]} 45. Nf4 {[%clk 1:27:02]} Bg5
{[%clk 0:43:54]} 46. Nxe6+ {[%clk 1:26:42]} Qxe6 {[%clk 0:44:22]} 47. Ne2
{[%clk 1:25:44]} Nf6 {[%clk 0:42:54]} 48. Kg1 {[%clk 1:24:54]} Bh4
{[%clk 0:34:27]} 49. Ng3 {[%clk 1:21:54]} Bg5 {[%clk 0:32:56]} 50. Nf5+
{[%clk 1:21:30]} Kg6 {[%clk 0:32:28]} 51. hxg4 {[%clk 1:21:56]} Bf4
{[%clk 0:25:57]} 52. Qd3 {[%clk 1:09:03]} Qa2 {[%clk 0:25:09]} 53. Nh4+
{[%clk 1:05:21]} Kh6 {[%clk 0:17:16]} 54. g5+ {[%clk 1:01:43]} Bxg5
{[%clk 0:16:11]} 55. Nf5+ {[%clk 1:01:34]} Kg6 {[%clk 0:15:24]} 56. Qg3
{[%clk 1:01:08]} Qa1+ {[%clk 0:13:35]} 57. Kh2 {[%clk 1:01:23]} Nh5
{[%clk 0:12:14]} 58. Qg4 {[%clk 1:01:24]} Nf4 {[%clk 0:09:31]} 59. Nh4+
{[%clk 1:00:22]} Kh6 {[%clk 0:09:17]} 60. Nf3 {[%clk 0:58:52]} Bf6
{[%clk 0:08:35]} 61. Qf5 {[%clk 0:59:10]} Kg7 {[%clk 0:07:54]} 62. Qd7+
{[%clk 0:58:24]} Kg6 {[%clk 0:08:01]} 63. Qe8+ {[%clk 0:56:46]} Kg7
{[%clk 0:07:21]} 64. Qd7+ {[%clk 0:56:39]} Kg6 {[%clk 0:07:49]} 65. Qf5+
{[%clk 0:56:01]} Kg7 {[%clk 0:08:15]} 66. Qg4+ {[%clk 0:53:45]} Kf7
{[%clk 0:08:07]} 67. Qf5 {[%clk 0:52:14]} Qb2 {[%clk 0:07:59]} 68. Ng5+
{[%clk 0:51:24]} Ke8 {[%clk 0:06:26]} 69. Qc8+ {[%clk 0:50:54]} Bd8
{[%clk 0:06:41]} 70. Qg4 {[%clk 0:50:21]} Qxg2+ {[%clk 0:06:19]} 71. Qxg2
{[%clk 0:50:27]} Nxg2 {[%clk 0:06:48]} 72. Nf3 {[%clk 0:50:09]} Ne3
{[%clk 0:07:13]} 73. Kh3 {[%clk 0:50:25]} Nc4 {[%clk 0:06:57]} 74. a4
{[%clk 0:50:48]} Bc7 {[%clk 0:07:00]} 75. Kg4 {[%clk 0:50:56]} Nb2
{[%clk 0:07:17]} 76. Kf5 {[%clk 0:50:51]} Nxa4 {[%clk 0:07:05]} 77. Nxe5
{[%clk 0:51:18]} Bxe5 {[%clk 0:07:00]} 78. Kxe5 {[%clk 0:51:08]} Ke7
{[%clk 0:07:21]} 79. Kd4 {[%clk 0:50:38]} Ke6 {[%clk 0:07:16]} 80. Kc4
{[%clk 0:49:24]} Nb2+ {[%clk 0:07:20]} 81. Kc3 {[%clk 0:49:48]} Nd1+
{[%clk 0:07:42]} 82. Kd2 {[%clk 0:50:16]} Nf2 {[%clk 0:07:30]} 83. Ke3
{[%clk 0:50:43]} Nh3 {[%clk 0:07:30]} 84. Kd4 {[%clk 0:51:06]} a6
{[%clk 0:07:34]} 85. Kc4 {[%clk 0:50:58]} Ke5 {[%clk 0:07:48]} 86. Kb3
{[%clk 0:51:27]} Kxe4 {[%clk 0:06:54]} 87. Ka4 {[%clk 0:51:56]} Kd4
{[%clk 0:06:57]} 88. Ka5 {[%clk 0:52:25]} Kc4 {[%clk 0:07:00]} 89. Kb6
{[%clk 0:52:16]} Kxb4 {[%clk 0:07:22]} 90. Kxb7 {[%clk 0:52:18]} Kxc5
{[%clk 0:07:36]} 91. Kxa6 {[%clk 0:52:46]} Kb4 {[%clk 0:07:51]} 92. Kb6
{[%clk 0:53:08]} c5 {[%clk 0:08:11]} 93. Kc6 {[%clk 0:53:17]} c4 {[%clk 0:08:40]}
94. Kd5 {[%clk 0:53:46]} 0-1

[Event "World Chess Olympiad 2018"]
[Site "Batumi"]
[Date "2018.10.01"]
[Round "7"]
[Board "1"]
[WhiteFideId "409014"]
[White "Kirby Peter J."]
[BlackFideId "22600078"]
[Black "Barcon Harmon"]
[Result "1-0"]
[LiveChessVersion "1.4.8"]
[BlackElo "1896"]
[WhiteElo "1988"]

1. Nf3 {[%clk 1:30:57]} d5 {[%clk 1:30:55]} 2. d4 {[%clk 1:31:21]} e6
{[%clk 1:31:12]} 3. c4 {[%clk 1:31:44]} Nf6 {[%clk 1:31:36]} 4. Nc3
{[%clk 1:32:04]} Be7 {[%clk 1:32:00]} 5. Bg5 {[%clk 1:32:24]} O-O
{[%clk 1:32:05]} 6. e3 {[%clk 1:32:43]} Nbd7 {[%clk 1:31:46]} 7. Rc1
{[%clk 1:32:58]} c6 {[%clk 1:31:59]} 8. Bd3 {[%clk 1:33:10]} Re8 {[%clk 1:32:12]}
9. O-O {[%clk 1:33:15]} Nf8 {[%clk 1:32:39]} 10. Ne5 {[%clk 1:32:48]} dxc4
{[%clk 1:31:20]} 11. Bxc4 {[%clk 1:32:45]} Nd5 {[%clk 1:31:37]} 12. Bxe7
{[%clk 1:32:10]} Nxe7 {[%clk 1:31:22]} 13. f4 {[%clk 1:28:54]} Nf5
{[%clk 1:30:26]} 14. Qe2 {[%clk 1:25:56]} f6 {[%clk 1:29:53]} 15. Nf3
{[%clk 1:25:58]} a5 {[%clk 1:26:56]} 16. Rfd1 {[%clk 1:18:17]} Nd6
{[%clk 1:25:07]} 17. Bd3 {[%clk 1:17:14]} a4 {[%clk 1:23:43]} 18. Qc2
{[%clk 1:06:13]} Qa5 {[%clk 1:22:21]} 19. Ne4 {[%clk 1:03:25]} Nf5
{[%clk 1:22:19]} 20. Qf2 {[%clk 1:01:38]} a3 {[%clk 1:21:46]} 21. b3
{[%clk 1:01:08]} Ne7 {[%clk 1:21:32]} 22. Rc5 {[%clk 0:55:29]} Qd8
{[%clk 1:21:17]} 23. Ng3 {[%clk 0:49:08]} Nd5 {[%clk 1:20:35]} 24. Qd2
{[%clk 0:48:24]} Nd7 {[%clk 1:20:02]} 25. Rcc1 {[%clk 0:48:22]} e5
{[%clk 1:20:16]} 26. dxe5 {[%clk 0:38:40]} fxe5 {[%clk 1:20:14]} 27. Bc4
{[%clk 0:37:58]} exf4 {[%clk 1:15:25]} 28. Bxd5+ {[%clk 0:37:10]} Kh8
{[%clk 1:15:53]} 29. exf4 {[%clk 0:34:32]} Qb6+ {[%clk 1:15:51]} 30. Qd4
{[%clk 0:31:52]} cxd5 {[%clk 1:15:54]} 31. Qxb6 {[%clk 0:29:23]} Nxb6
{[%clk 1:16:20]} 32. Nd4 {[%clk 0:27:06]} h6 {[%clk 1:15:27]} 33. Rc7
{[%clk 0:21:21]} Bg4 {[%clk 1:14:26]} 34. Rdc1 {[%clk 0:21:34]} Rac8
{[%clk 1:14:37]} 35. Rxc8 {[%clk 0:21:56]} Bxc8 {[%clk 1:13:03]} 36. Kf2
{[%clk 0:19:45]} Re7 {[%clk 1:12:55]} 37. Nb5 {[%clk 0:12:52]} Bd7
{[%clk 1:09:37]} 38. Nxa3 {[%clk 0:12:41]} Bc6 {[%clk 1:08:45]} 39. Nc2
{[%clk 0:10:56]} Rf7 {[%clk 1:09:05]} 40. Ne2 {[%clk 0:40:34]} Bb5
{[%clk 1:35:15]} 41. Ncd4 {[%clk 0:39:37]} Bd3 {[%clk 1:28:17]} 42. g3
{[%clk 0:38:46]} Re7 {[%clk 1:26:31]} 43. Rc3 {[%clk 0:36:56]} Ba6
{[%clk 1:23:47]} 44. Re3 {[%clk 0:36:09]} Rc7 {[%clk 1:23:29]} 45. Rc3
{[%clk 0:36:26]} Re7 {[%clk 1:23:40]} 46. a4 {[%clk 0:35:53]} Re8
{[%clk 1:24:02]} 47. Rc7 {[%clk 0:33:59]} Nc8 {[%clk 1:22:29]} 48. Rd7
{[%clk 0:29:11]} Ne7 {[%clk 1:19:18]} 49. Nb5 {[%clk 0:27:59]} Bxb5
{[%clk 1:18:52]} 50. axb5 {[%clk 0:28:28]} b6 {[%clk 1:18:28]} 51. Nd4
{[%clk 0:27:30]} Ng8 {[%clk 1:15:38]} 52. Nc6 {[%clk 0:23:24]} Nf6
{[%clk 1:13:28]} 53. Rd8 {[%clk 0:23:40]} Kh7 {[%clk 1:13:25]} 54. Rxe8
{[%clk 0:23:32]} Nxe8 {[%clk 1:13:52]} 55. Ne7 {[%clk 0:22:52]} Nc7
{[%clk 1:12:21]} 56. Ke3 {[%clk 0:22:29]} d4+ {[%clk 1:11:37]} 57. Kxd4
{[%clk 0:22:13]} Nxb5+ {[%clk 1:11:51]} 58. Kc4 {[%clk 0:22:08]} Na3+
{[%clk 1:08:29]} 59. Kb4 {[%clk 0:22:27]} Nc2+ {[%clk 1:08:23]} 60. Kb5
{[%clk 0:22:16]} Nd4+ {[%clk 1:08:43]} 61. Kc4 {[%clk 0:22:23]} Nf3
{[%clk 1:07:55]} 62. h4 {[%clk 0:19:36]} Nd2+ {[%clk 1:08:16]} 63. Kb4
{[%clk 0:19:27]} Ne4 {[%clk 1:06:08]} 64. Kb5 {[%clk 0:18:49]} Nxg3
{[%clk 1:05:14]} 65. Kxb6 {[%clk 0:19:10]} g6 {[%clk 1:05:07]} 66. b4
{[%clk 0:19:03]} Ne2 {[%clk 1:05:10]} 67. Nd5 {[%clk 0:18:53]} Nd4
{[%clk 1:04:26]} 68. Kc5 {[%clk 0:18:11]} Ne6+ {[%clk 1:04:53]} 69. Kd6
{[%clk 0:18:08]} Nd4 {[%clk 1:05:20]} 70. Ke5 {[%clk 0:14:04]} Nb5
{[%clk 1:05:02]} 71. Kf6 {[%clk 0:13:56]} Nd6 {[%clk 1:02:22]} 72. Nc7
{[%clk 0:12:42]} Ne4+ {[%clk 0:56:28]} 73. Ke5 {[%clk 0:12:46]} Nc3
{[%clk 0:56:15]} 74. b5 {[%clk 0:11:44]} Na4 {[%clk 0:56:24]} 75. Nd5
{[%clk 0:10:51]} Kg7 {[%clk 0:56:24]} 76. b6 {[%clk 0:10:46]} Nc5
{[%clk 0:56:45]} 77. Kd6 {[%clk 0:10:31]} Nb7+ {[%clk 0:57:02]} 78. Ke7
{[%clk 0:09:47]} Na5 {[%clk 0:56:44]} 79. Nb4 {[%clk 0:08:19]} Nb7
{[%clk 0:55:59]} 80. Nc6 {[%clk 0:08:33]} Nc5 {[%clk 0:55:51]} 81. Na5
{[%clk 0:07:42]} Na6 {[%clk 0:49:36]} 82. Nc6 {[%clk 0:07:58]} Nc5
{[%clk 0:50:00]} 83. Nd8 {[%clk 0:08:15]} Kh7 {[%clk 0:49:53]} 84. b7
{[%clk 0:08:19]} Nxb7 {[%clk 0:49:03]} 85. Nxb7 {[%clk 0:08:47]} g5
{[%clk 0:47:32]} 86. Nd6 {[%clk 0:04:07]} gxf4 {[%clk 0:45:21]} 87. h5
{[%clk 0:03:56]} Kg7 {[%clk 0:45:06]} 88. Ne4 {[%clk 0:04:14]} f3
{[%clk 0:45:15]} 89. Nf2 {[%clk 0:04:39]} Kg8 {[%clk 0:43:33]} 90. Kf6
{[%clk 0:04:42]} Kh7 {[%clk 0:43:04]} 91. Kf7 {[%clk 0:05:06]} Kh8
{[%clk 0:43:13]} 92. Kg6 {[%clk 0:05:35]} Kg8 {[%clk 0:43:25]} 93. Kxh6
{[%clk 0:05:00]} Kh8 {[%clk 0:43:53]} 94. Kg6 {[%clk 0:04:32]} Kg8
{[%clk 0:44:19]} 95. h6 {[%clk 0:02:54]} Kh8 {[%clk 0:44:37]} 96. Ng4
{[%clk 0:01:54]} Kg8 {[%clk 0:44:51]} 97. h7+ {[%clk 0:02:12]} 1-0

[Event "World Chess Olympiad 2018"]
[Site "Batumi"]
[Date "2018.10.01"]
[Round "7"]
[Board "2"]
[WhiteFideId "22600124"]
[White "Jacob Jallah"]
[BlackFideId "10700234"]
[Black "Brookfield Toby"]
[Result "1-0"]
[LiveChessVersion "1.4.8"]
[BlackElo "1873"]
[WhiteElo "1835"]

1. Nf3 {[%clk 1:30:48]} f5 {[%clk 1:30:30]} 2. b3 {[%clk 1:30:45]} Nf6
{[%clk 1:30:35]} 3. Bb2 {[%clk 1:31:04]} e6 {[%clk 1:30:08]} 4. e3
{[%clk 1:28:56]} Be7 {[%clk 1:29:41]} 5. d3 {[%clk 1:28:18]} O-O {[%clk 1:27:32]}
6. Nbd2 {[%clk 1:27:51]} d6 {[%clk 1:26:35]} 7. c4 {[%clk 1:26:23]} Qe8
{[%clk 1:21:19]} 8. Qc2 {[%clk 1:26:26]} Nc6 {[%clk 1:20:49]} 9. a3
{[%clk 1:26:47]} e5 {[%clk 1:16:16]} 10. O-O-O {[%clk 1:26:24]} a5
{[%clk 1:13:42]} 11. h3 {[%clk 1:24:19]} a4 {[%clk 0:53:09]} 12. b4
{[%clk 1:23:17]} b5 {[%clk 0:49:36]} 13. cxb5 {[%clk 1:16:57]} Na7
{[%clk 0:49:21]} 14. Be2 {[%clk 1:09:31]} Be6 {[%clk 0:47:08]} 15. Ng5
{[%clk 1:09:46]} Bd7 {[%clk 0:45:10]} 16. f4 {[%clk 1:07:14]} Bxb5
{[%clk 0:40:54]} 17. Ne6 {[%clk 1:05:24]} Nd5 {[%clk 0:38:47]} 18. Nf1
{[%clk 0:53:31]} Rf6 {[%clk 0:33:13]} 19. Bf3 {[%clk 0:52:58]} e4
{[%clk 0:27:22]} 20. dxe4 {[%clk 0:51:38]} Nxb4 {[%clk 0:18:31]} 21. axb4
{[%clk 0:51:09]} Rxe6 {[%clk 0:18:15]} 22. exf5 {[%clk 0:51:08]} a3
{[%clk 0:16:26]} 23. Bxa3 {[%clk 0:49:13]} Nc6 {[%clk 0:14:16]} 24. Bb2
{[%clk 0:44:14]} Rf6 {[%clk 0:14:04]} 25. Bxf6 {[%clk 0:31:55]} Bxf6
{[%clk 0:14:29]} 26. Kd2 {[%clk 0:31:13]} Kh8 {[%clk 0:13:14]} 27. Bxc6
{[%clk 0:28:05]} Bxc6 {[%clk 0:13:07]} 28. Rc1 {[%clk 0:14:55]} Be4
{[%clk 0:11:40]} 29. Qc4 {[%clk 0:11:12]} d5 {[%clk 0:10:20]} 30. Qb3
{[%clk 0:10:38]} d4 {[%clk 0:09:15]} 31. Qe6 {[%clk 0:05:54]} dxe3+
{[%clk 0:07:17]} 32. Kxe3 {[%clk 0:05:38]} Bxg2 {[%clk 0:06:52]} 33. Rh2
{[%clk 0:05:19]} Bxf1 {[%clk 0:01:17]} 34. Rxf1 {[%clk 0:04:43]} Qb5
{[%clk 0:01:46]} 35. Kf2 {[%clk 0:03:18]} Re8 {[%clk 0:02:06]} 36. Qa2
{[%clk 0:02:36]} Bh4+ {[%clk 0:01:52]} 37. Kg1 {[%clk 0:02:45]} Qb6+
{[%clk 0:01:25]} 38. Kh1 {[%clk 0:02:51]} Qxb4 {[%clk 0:01:07]} 39. Re2
{[%clk 0:02:03]} Qb7+ {[%clk 0:00:44]} 40. Kh2 {[%clk 0:32:24]} Rf8
{[%clk 0:30:37]} 41. Qe6 {[%clk 0:31:01]} Qb4 {[%clk 0:18:10]} 42. Qc6
{[%clk 0:29:04]} Qb6 {[%clk 0:14:25]} 43. Qxb6 {[%clk 0:28:57]} cxb6
{[%clk 0:14:53]} 44. Rb1 {[%clk 0:29:07]} h6 {[%clk 0:15:02]} 45. Re5
{[%clk 0:28:46]} Bf2 {[%clk 0:14:51]} 46. Kg2 {[%clk 0:28:55]} Bc5
{[%clk 0:14:49]} 47. Kf3 {[%clk 0:29:12]} Kg8 {[%clk 0:13:10]} 48. Rd1
{[%clk 0:29:18]} Ra8 {[%clk 0:12:42]} 49. Rd2 {[%clk 0:27:21]} Ra7
{[%clk 0:12:34]} 50. Kg4 {[%clk 0:27:05]} Kf7 {[%clk 0:09:49]} 51. Re6
{[%clk 0:26:55]} Rb7 {[%clk 0:05:28]} 52. Rb2 {[%clk 0:26:43]} Rd7
{[%clk 0:05:41]} 53. Ra2 {[%clk 0:25:57]} Rb7 {[%clk 0:05:17]} 54. Kh5
{[%clk 0:26:11]} Rd7 {[%clk 0:04:18]} 55. Rg6 {[%clk 0:25:28]} Be3
{[%clk 0:03:18]} 56. Rag2 {[%clk 0:23:31]} Kf8 {[%clk 0:02:39]} 57. Re6
{[%clk 0:17:51]} Bxf4 {[%clk 0:01:40]} 58. Kg6 {[%clk 0:18:09]} Rb7
{[%clk 0:00:50]} 59. Rge2 {[%clk 0:17:12]} Rb8 {[%clk 0:00:56]} 60. f6
{[%clk 0:17:25]} Bg5 {[%clk 0:00:39]} 1-0

[Event "World Chess Olympiad 2018"]
[Site "Batumi"]
[Date "2018.10.01"]
[Round "7"]
[Board "1"]
[WhiteFideId "10002235"]
[White "Mdoe Yusuf"]
[BlackFideId "10300163"]
[Black "Al-Hajiri Bader"]
[Result "0-1"]
[LiveChessVersion "1.4.8"]
[BlackElo "2112"]
[WhiteElo "1771"]

1. e4 {[%clk 1:28:10]} e5 {[%clk 1:30:43]} 2. Nf3 {[%clk 1:28:34]} Nc6
{[%clk 1:31:00]} 3. c3 {[%clk 1:28:55]} Nf6 {[%clk 1:30:46]} 4. Qc2
{[%clk 1:29:19]} d5 {[%clk 1:29:24]} 5. Bb5 {[%clk 1:29:07]} dxe4
{[%clk 1:28:12]} 6. Bxc6+ {[%clk 1:28:39]} bxc6 {[%clk 1:28:30]} 7. Nxe5
{[%clk 1:28:43]} Qd5 {[%clk 1:28:00]} 8. Qa4 {[%clk 1:26:14]} e3 {[%clk 1:19:10]}
9. O-O {[%clk 1:24:12]} Qxe5 {[%clk 0:45:50]} 10. Qxc6+ {[%clk 1:19:57]} Kd8
{[%clk 0:44:35]} 11. Qxa8 {[%clk 1:14:02]} exf2+ {[%clk 0:38:15]} 12. Rxf2
{[%clk 1:10:37]} Ng4 {[%clk 0:38:27]} 13. g3 {[%clk 0:53:30]} Nxf2
{[%clk 0:38:25]} 14. Kxf2 {[%clk 0:53:48]} Bc5+ {[%clk 0:38:52]} 15. d4
{[%clk 0:47:18]} Re8 {[%clk 0:39:13]} 16. Bg5+ {[%clk 0:31:23]} Qxg5
{[%clk 0:39:34]} 17. Qf3 {[%clk 0:27:06]} Qc1 {[%clk 0:37:13]} 18. Qd3
{[%clk 0:23:02]} Qe1+ {[%clk 0:33:16]} 19. Kf3 {[%clk 0:18:59]} Qh1+
{[%clk 0:30:04]} 20. Kf2 {[%clk 0:07:21]} Qxh2+ {[%clk 0:30:28]} 21. Kf3
{[%clk 0:07:23]} Bd6 {[%clk 0:30:47]} 0-1

[Event "World Chess Olympiad 2018"]
[Site "Batumi"]
[Date "2018.10.01"]
[Round "7"]
[Board "2"]
[WhiteFideId "10300040"]
[White "Al Azmi Khalaf"]
[BlackFideId "10002324"]
[Black "Njau Albert"]
[Result "1-0"]
[LiveChessVersion "1.4.8"]
[BlackElo "1716"]
[WhiteElo "1785"]

1. e4 {[%clk 1:30:52]} e5 {[%clk 1:30:13]} 2. Nf3 {[%clk 1:31:17]} Nf6
{[%clk 1:30:17]} 3. Nc3 {[%clk 1:30:57]} Nc6 {[%clk 1:29:29]} 4. Bc4
{[%clk 1:29:32]} Be7 {[%clk 1:28:46]} 5. d4 {[%clk 1:28:10]} exd4
{[%clk 1:24:57]} 6. Nxd4 {[%clk 1:27:14]} Ne5 {[%clk 1:21:37]} 7. Bb3
{[%clk 1:26:14]} d6 {[%clk 1:19:43]} 8. h3 {[%clk 1:25:28]} O-O {[%clk 1:16:36]}
9. O-O {[%clk 1:23:42]} Ng6 {[%clk 1:12:54]} 10. Nf5 {[%clk 1:19:20]} Be6
{[%clk 1:08:46]} 11. Nxe7+ {[%clk 1:14:59]} Qxe7 {[%clk 1:05:00]} 12. Nd5
{[%clk 1:12:52]} Nxd5 {[%clk 0:59:28]} 13. exd5 {[%clk 1:10:08]} Bd7
{[%clk 0:54:37]} 14. Re1 {[%clk 1:02:57]} Qh4 {[%clk 0:52:32]} 15. Qf3
{[%clk 1:00:53]} Rae8 {[%clk 0:49:51]} 16. Be3 {[%clk 0:57:59]} Re5
{[%clk 0:45:57]} 17. c4 {[%clk 0:50:57]} Rfe8 {[%clk 0:40:33]} 18. Bd2
{[%clk 0:47:49]} b6 {[%clk 0:38:10]} 19. Re3 {[%clk 0:45:00]} a5 {[%clk 0:36:21]}
20. a4 {[%clk 0:43:43]} f6 {[%clk 0:29:54]} 21. Rae1 {[%clk 0:41:06]} Kf7
{[%clk 0:26:36]} 22. Bc3 {[%clk 0:36:58]} Re4 {[%clk 0:21:05]} 23. Rxe4
{[%clk 0:36:42]} 1-0

[Event "World Chess Olympiad 2018"]
[Site "Batumi"]
[Date "2018.10.01"]
[Round "7"]
[Board "3"]
[WhiteFideId "10002251"]
[White "Mlawa Hemed"]
[BlackFideId "10300198"]
[Black "AlShourfaa Hazaa"]
[Result "1/2-1/2"]
[LiveChessVersion "1.4.8"]
[BlackElo "1783"]
[WhiteElo "1828"]

1. Nf3 {[%clk 1:30:45]} d5 {[%clk 1:30:36]} 2. c4 {[%clk 1:31:06]} c6
{[%clk 1:31:04]} 3. b3 {[%clk 1:31:24]} Nf6 {[%clk 1:31:32]} 4. Bb2
{[%clk 1:31:42]} e6 {[%clk 1:30:54]} 5. g3 {[%clk 1:32:01]} Bd6 {[%clk 1:31:23]}
6. Bg2 {[%clk 1:32:20]} O-O {[%clk 1:31:09]} 7. O-O {[%clk 1:32:43]} b6
{[%clk 1:30:58]} 8. d3 {[%clk 1:31:42]} Bb7 {[%clk 1:29:45]} 9. Nbd2
{[%clk 1:32:03]} Nbd7 {[%clk 1:30:14]} 10. e4 {[%clk 1:31:45]} Qc7
{[%clk 1:29:39]} 11. Rc1 {[%clk 1:31:57]} c5 {[%clk 1:17:37]} 12. exd5
{[%clk 1:31:51]} exd5 {[%clk 1:18:05]} 13. d4 {[%clk 1:32:08]} a5
{[%clk 1:09:34]} 14. Re1 {[%clk 1:27:08]} Rfe8 {[%clk 1:06:09]} 15. Qc2
{[%clk 1:20:22]} Rac8 {[%clk 1:06:06]} 16. Qf5 {[%clk 1:16:10]} Qb8
{[%clk 0:58:59]} 17. Ne5 {[%clk 1:15:25]} Rcd8 {[%clk 0:50:49]} 18. Ndf3
{[%clk 1:05:17]} h6 {[%clk 0:45:40]} 19. cxd5 {[%clk 0:58:17]} Bxd5
{[%clk 0:41:58]} 20. Nxd7 {[%clk 0:58:17]} Rxd7 {[%clk 0:40:57]} 21. Ne5
{[%clk 0:58:26]} Rde7 {[%clk 0:38:15]} 22. Bxd5 {[%clk 0:43:34]} Nxd5
{[%clk 0:37:27]} 23. Nd3 {[%clk 0:34:23]} Rxe1+ {[%clk 0:35:13]} 24. Rxe1
{[%clk 0:34:41]} Rxe1+ {[%clk 0:35:12]} 25. Nxe1 {[%clk 0:35:02]} Ne7
{[%clk 0:32:26]} 26. Qe4 {[%clk 0:34:51]} Qc8 {[%clk 0:29:26]} 27. Qd3
{[%clk 0:30:33]} Qe6 {[%clk 0:22:35]} 28. Nc2 {[%clk 0:27:06]} Qg6
{[%clk 0:21:48]} 29. Qxg6 {[%clk 0:26:51]} Nxg6 {[%clk 0:21:16]} 30. Ne3
{[%clk 0:27:07]} Ne7 {[%clk 0:19:52]} 31. Nc4 {[%clk 0:27:21]} Nc8
{[%clk 0:18:13]} 32. Nxd6 {[%clk 0:27:06]} Nxd6 {[%clk 0:18:41]} 33. dxc5
{[%clk 0:27:23]} bxc5 {[%clk 0:19:11]} 34. Ba3 {[%clk 0:26:13]} Nb7
{[%clk 0:19:39]} 35. Kf1 {[%clk 0:26:20]} Kf8 {[%clk 0:20:09]} 36. Ke2
{[%clk 0:26:43]} Ke7 {[%clk 0:20:29]} 37. Kd3 {[%clk 0:25:48]} Kd6
{[%clk 0:20:59]} 38. Bb2 {[%clk 0:25:29]} g6 {[%clk 0:21:05]} 39. Kc4
{[%clk 0:25:53]} Kc6 {[%clk 0:20:56]} 40. Be5 {[%clk 0:56:15]} f5
{[%clk 0:49:13]} 41. f3 {[%clk 0:56:04]} h5 {[%clk 0:46:35]} 42. Bf4
{[%clk 0:53:40]} Nd8 {[%clk 0:37:03]} 43. Bd2 {[%clk 0:53:39]} Nb7
{[%clk 0:37:14]} 44. Bf4 {[%clk 0:52:53]} Nd8 {[%clk 0:37:25]} 45. Bg5
{[%clk 0:51:49]} Nf7 {[%clk 0:37:17]} 46. Bf6 {[%clk 0:48:09]} Nd6+
{[%clk 0:37:31]} 47. Kc3 {[%clk 0:46:42]} Kd5 {[%clk 0:30:22]} 48. Be7
{[%clk 0:46:19]} Nb5+ {[%clk 0:30:20]} 49. Kd3 {[%clk 0:45:27]} Nd4
{[%clk 0:30:10]} 50. f4 {[%clk 0:43:16]} Nc6 {[%clk 0:29:58]} 51. Bf6
{[%clk 0:40:57]} Nb4+ {[%clk 0:30:16]} 52. Kd2 {[%clk 0:37:08]} Nxa2
{[%clk 0:30:41]} 53. Bd8 {[%clk 0:37:07]} Nb4 {[%clk 0:27:14]} 54. Bxa5
{[%clk 0:37:00]} Nc6 {[%clk 0:26:56]} 55. Bc3 {[%clk 0:36:32]} Ke4
{[%clk 0:26:44]} 56. Ke2 {[%clk 0:36:14]} Nd4+ {[%clk 0:22:26]} 57. Bxd4
{[%clk 0:36:13]} Kxd4 {[%clk 0:22:54]} 58. Kd2 {[%clk 0:36:17]} h4
{[%clk 0:18:57]} 59. Kc2 {[%clk 0:35:56]} Ke4 {[%clk 0:09:40]} 60. Kc3
{[%clk 0:36:15]} h3 {[%clk 0:10:05]} 61. Kc4 {[%clk 0:34:29]} Kf3
{[%clk 0:10:34]} 62. Kd3 {[%clk 0:34:42]} 1/2-1/2